Antarctica : (Record no. 713)
[ view plain ]
| 000 -LEADER | |
|---|---|
| fixed length control field | 01299cam a22002414a 4500 |
| 005 - DATE AND TIME OF LATEST TRANSACTION | |
| control field | 20240217082413.0 |
| 020 ## - INTERNATIONAL STANDARD BOOK NUMBER | |
| International Standard Book Number | 0439220017 (hardcover) |
| 020 ## - INTERNATIONAL STANDARD BOOK NUMBER | |
| International Standard Book Number | 9780439220033 |
| 040 ## - CATALOGING SOURCE | |
| Original cataloging agency | DLC |
| Transcribing agency | DLC |
| Modifying agency | DLC |
| Language of cataloging | eng |
| 050 00 - LIBRARY OF CONGRESS CALL NUMBER | |
| Classification number | G863 |
| Item number | .M94 2004 |
| 082 00 - DEWEY DECIMAL CLASSIFICATION NUMBER | |
| Classification number | 919.8/904 |
| Edition number | 22 |
| 100 1# - MAIN ENTRY--PERSONAL NAME | |
| Personal name | Myers, Walter Dean, |
| Dates associated with a name | 1937-2014. |
| 245 10 - TITLE STATEMENT | |
| Title | Antarctica : |
| Remainder of title | journeys to the South Pole / |
| Statement of responsibility, etc. | Walter Dean Myers |
| 260 ## - PUBLICATION, DISTRIBUTION, ETC. | |
| Place of publication, distribution, etc. | New York : |
| Name of publisher, distributor, etc. | Scholastic Press, |
| Date of publication, distribution, etc. | 2004. |
| 300 ## - PHYSICAL DESCRIPTION | |
| Extent | 134 pages : |
| Other physical details | illustrations ; |
| Dimensions | 27 cm. |
| 505 ## - FORMATTED CONTENTS NOTE | |
| Formatted contents note | Z |
| 520 ## - SUMMARY, ETC. | |
| Summary, etc. | Walter Dean Myers presents a thrilling record of Antarctica and the expedition parties that have uncovered the frozen continent throughout history. Walter Dean Myers brings the dramatic race to the South Pole to life in Antarctica, tracking the explorers of the South Pole - including James Cook, Ernest Shackleton, and Richard Evelyn Bird - and the dangers they encountered there, as well as their contributions to science. The heroism and adventure - and sometimes the ultimate failure - of the expeditions are depicted in Myers's powerful prose, and through the photos, maps, and illustrations that complement the text. |
| 521 ## - TARGET AUDIENCE NOTE | |
| Target audience note | 1100 <br/> |
| Source | Lexiles |
| 521 ## - TARGET AUDIENCE NOTE | |
| Target audience note | Z <br/> |
| Source | Raz-Plus |
| 906 ## - LOCAL DATA ELEMENT F, LDF (RLIN) | |
| a | 7 |
| b | cbc |
| c | orignew |
| d | 1 |
| e | ecip |
| f | 20 |
| g | y-gencatlg |
| 942 ## - ADDED ENTRY ELEMENTS (KOHA) | |
| Source of classification or shelving scheme | Dewey Decimal Classification |
| Koha item type | Books |
| Suppress in OPAC | No |
| 999 ## - | |
| -- | 713 |
| -- | 713 |
| Withdrawn status | Lost status | Source of classification or shelving scheme | Damaged status | Not for loan | Collection | Home library | Current library | Shelving location | Date acquired | Total Checkouts | Full call number | Barcode | Date last seen | Price effective from | Koha item type |
|---|---|---|---|---|---|---|---|---|---|---|---|---|---|---|---|
| Dewey Decimal Classification | Non-Fiction | Footprints International School Library Network Toul Kork Campus | Footprints International School Library Network Toul Kork Campus | 02/17/2024 | MYE 919.8 G863.M94 | FISSE00943 | 07/03/2023 | 02/17/2024 | Books |
